El rescate patrimonial del siglo XIX mexicano (Record no. 53630)

MARC details
000 -LEADER
fixed length control field 00768nam a22002057a 4500
005 - DATE AND TIME OF LATEST TRANSACTION
control field 20230928122743.0
008 - FIXED-LENGTH DATA ELEMENTS--GENERAL INFORMATION
fixed length control field 230928b mx |||||||| |||| 00| 0 spa d
020 ## - INTERNATIONAL STANDARD BOOK NUMBER
International Standard Book Number 9786073045995
050 04 - LIBRARY OF CONGRESS CALL NUMBER
Classification number ML1715.4
Item number R47 2021
245 03 - TITLE STATEMENT
Title El rescate patrimonial del siglo XIX mexicano
Remainder of title : ópera, literatura, arquitectura y teatro
Statement of responsibility, etc / editores Áurea Maya, Verónica Murúa y Charles Oppenheim.
250 ## - EDITION STATEMENT
Edition statement 1a ed.
260 ## - PUBLICATION, DISTRIBUTION, ETC. (IMPRINT)
Place of publication, distribution, etc México :
Name of publisher, distributor, etc universidad Nacional Autónoma de México,
Date of publication, distribution, etc 2021
300 ## - PHYSICAL DESCRIPTION
Extent 223 p :
Other physical details il. ;
Dimensions 31 cm.
504 ## - BIBLIOGRAPHY, ETC. NOTE
Bibliography, etc Incluye bibliografías
650 #7 - SUBJECT ADDED ENTRY--TOPICAL TERM
Source of heading or term lemb
Topical term or geographic name as entry element Opera mexicana
Chronological subdivision Siglo XIX
700 1# - ADDED ENTRY--PERSONAL NAME
Personal name Maya, Áurea,
Relator term editor
700 1# - ADDED ENTRY--PERSONAL NAME
Personal name Murúa, Verónica,
Relator term editor
700 1# - ADDED ENTRY--PERSONAL NAME
Personal name Oppenheim, Charles,
Relator term editor
942 ## - ADDED ENTRY ELEMENTS (KOHA)
Source of classification or shelving scheme Biblioteca del Cogreso de los Estados Unidos
Koha item type Libro
Holdings
Estado de pérdida Fuente de clasificación Estado del daño No para préstamo Ubicación permanente Ubicación actual Apartado o colección Fecha de adquisición Fuente de adquisición Edición Área del conocimiento Total Checkouts Clasificación Código de Barras Date last seen Número de copia Costo por reposición Tipo de recurso
  Biblioteca del Cogreso de los Estados Unidos     Biblioteca de la Facultad de Bellas Artes Biblioteca de la Facultad de Bellas Artes General 28/09/2023 Donación 1a ed. Educación y Humanidades   ML1715.4 R47 2021 BBA000003454 28/09/2023 1 1.00 Libro
  Biblioteca del Cogreso de los Estados Unidos     Biblioteca de la Facultad de Bellas Artes Biblioteca de la Facultad de Bellas Artes General 28/09/2023   1a ed. Educación y Humanidades   ML1715.4 R47 2021 BBA000003455 28/09/2023 2 1.00 Libro